2000 Most Common US Last Names in Alphabetical Order - Statistics

General Stats
  • This quiz has been taken 305 times
  • The average score is 391 of 2000
Answer Stats
Answer % Correct
HA
90%
JOHN
89%
JOHNS
89%
LE
89%
MA
89%
JOHNSON
88%
LI
88%
DO
86%
ADAMS
85%
GREEN
84%
HO
84%
JACKSON
84%
LEE
84%
THOMAS
84%
WILLIAMS
84%
HU
83%
MARTIN
83%
ANDERSON
81%
SMITH
81%
BROWN
80%
JONES
80%
WHITE
80%
HARRIS
79%
HAN
76%
WASHINGTON
75%
ANDREWS
74%
HARRISON
74%
JAMES
74%
TAYLOR
74%
DAVIS
73%
FRANK
73%
KING
73%
LU
73%
PETERS
73%
MILLER
71%
PARK
71%
ALLEN
70%
BLACK
70%
CLARK
70%
FORD
70%
GEORGE
70%
KENNEDY
70%
LAW
70%
LIN
70%
PETERSON
70%
ROBERTS
70%
THOMPSON
70%
WILSON
70%
DAVID
69%
WEST
69%
WOOD
69%
CARTER
68%
CHAN
68%
HILL
68%
MOORE
68%
PARKER
68%
RICH
68%
COOPER
66%
GRANT
66%
GRAY
66%
PAUL
66%
RICHARD
66%
SCOTT
66%
BAKER
65%
EVANS
65%
MORGAN
65%
RICHARDS
65%
WALL
65%
DAVIDSON
64%
LEWIS
64%
LOPEZ
64%
MARTINEZ
64%
RAY
64%
RODRIGUEZ
64%
DANIEL
63%
FRANKLIN
63%
MCDONALD
63%
MORRIS
63%
NELSON
63%
WALKER
63%
BARR
61%
CHARLES
61%
GIL
61%
JORDAN
61%
MICHAEL
61%
ROBERTSON
61%
WOODS
61%
BELL
60%
BUSH
60%
DANIELS
60%
FIELD
60%
HAMILTON
60%
HERNANDEZ
60%
JEFFERSON
60%
LY
60%
PHILLIPS
60%
RICHARDSON
60%
ROSE
60%
STEVENS
60%
TYLER
60%
GREENE
59%
HUGHES
59%
MAY
59%
NG
59%
ROBINSON
59%
RYAN
59%
SANDERS
59%
YOUNG
59%
CARR
58%
CHANG
58%
HOWARD
58%
HUNT
58%
KELLY
58%
LAWRENCE
58%
MADISON
58%
ROGERS
58%
ANTHONY
56%
EDWARDS
56%
HUNTER
56%
BECK
55%
COLLINS
55%
COOK
55%
GOMEZ
55%
HALL
55%
LEON
55%
MATTHEWS
55%
MORRISON
55%
MURPHY
55%
STONE
55%
WARREN
55%
WELLS
55%
ARNOLD
54%
BLAKE
54%
CARSON
54%
COLE
54%
CONNOR
54%
GOLD
54%
HENRY
54%
JACOB
54%
OWEN
54%
PEREZ
54%
RAMIREZ
54%
TURNER
54%
WRIGHT
54%
ALEXANDER
53%
DEAN
53%
GONZALEZ
53%
GOOD
53%
LANG
53%
MITCHELL
53%
QUINN
53%
REYNOLDS
53%
SANCHEZ
53%
SIMON
53%
STEPHENS
53%
WANG
53%
BAILEY
51%
CHEN
51%
CRUZ
51%
DIAZ
51%
DOUGLAS
51%
ELLIS
51%
FIELDS
51%
FISH
51%
FISHER
51%
GILL
51%
GORDON
51%
HART
51%
HENDERSON
51%
LONG
51%
NGUYEN
51%
OLIVER
51%
POTTER
51%
REED
51%
ROSS
51%
SIMPSON
51%
TORRES
51%
BRADLEY
50%
GARCIA
50%
HAYES
50%
LEONARD
50%
OWENS
50%
STEVENSON
50%
ALI
49%
ASH
49%
CAMP
49%
CHU
49%
DAWSON
49%
DAY
49%
FERNANDEZ
49%
GREGORY
49%
HARPER
49%
JACOBS
49%
KIM
49%
LAWSON
49%
LUCAS
49%
MANN
49%
PORTER
49%
WATSON
49%
WILLIS
49%
ABRAHAM
48%
ALBERT
48%
BRAND
48%
FOX
48%
FRANCIS
48%
JOSEPH
48%
MASON
48%
NICHOLS
48%
PERRY
48%
PIERCE
48%
SAMUEL
48%
WALLACE
48%
WALTER
48%
WILLIAMSON
48%
ARTHUR
46%
BALL
46%
BENSON
46%
BERRY
46%
BRYAN
46%
BURT
46%
CAMPBELL
46%
CLAY
46%
FITZGERALD
46%
FOSTER
46%
FREEMAN
46%
LAND
46%
MARSH
46%
MCCARTHY
46%
PARKS
46%
POWELL
46%
SHAW
46%
ALVAREZ
45%
AUSTIN
45%
CHO
45%
DENNIS
45%
JOHNSTON
45%
KNIGHT
45%
LAM
45%
MILES
45%
MONROE
45%
MORA
45%
MURRAY
45%
OLSEN
45%
PATE
45%
PATRICK
45%
RAYMOND
45%
SIMMONS
45%
STANLEY
45%
STEWART
45%
ABBOTT
44%
BARKER
44%
BENNETT
44%
BROOKS
44%
BURNS
44%
CLARKE
44%
DONALDSON
44%
HUDSON
44%
LOUIS
44%
NIX
44%
OLSON
44%
RILEY
44%
RUSSELL
44%
TUCKER
44%
WARD
44%
WINTER
44%
BANKS
43%
BARNES
43%
BENJAMIN
43%
BERG
43%
BURTON
43%
CARPENTER
43%
COX
43%
GRAHAM
43%
JENKINS
43%
MARSHALL
43%
MEYER
43%
NEWMAN
43%
NEWTON
43%
NIXON
43%
ONEIL
43%
SULLIVAN
43%
WONG
43%
BUTLER
41%
COLEMAN
41%
GIBSON
41%
LAKE
41%
LOWE
41%
MONTGOMERY
41%
ROY
41%
SCHNEIDER
41%
SPENCE
41%
SPENCER
41%
STEIN
41%
STEPHENSON
41%
SWAN
41%
VINCENT
41%
WALTERS
41%
WOLF
41%
ARMSTRONG
40%
BRADY
40%
BRYANT
40%
CARLSON
40%
CHASE
40%
CHRISTIAN
40%
CRAIG
40%
CRAWFORD
40%
DALE
40%
DUNCAN
40%
DUNN
40%
FREDERICK
40%
GONZALES
40%
HANSON
40%
HARVEY
40%
HOLMES
40%
HOWE
40%
JENSEN
40%
MACK
40%
MYERS
40%
RIVERS
40%
TAN
40%
WESTON
40%
BARRETT
39%
BARRY
39%
BATES
39%
DILL
39%
GOODMAN
39%
KENT
39%
LARSON
39%
LAU
39%
LITTLE
39%
LOGAN
39%
LOVE
39%
MAXWELL
39%
NORTON
39%
PALMER
39%
PATEL
39%
REID
39%
RODGERS
39%
ROMAN
39%
SAMUELS
39%
SCHWARTZ
39%
TERRY
39%
BARTON
38%
BOONE
38%
CONNER
38%
CURTIS
38%
FARR
38%
FLYNN
38%
GILBERT
38%
HAMM
38%
KANE
38%
MARKS
38%
MILLS
38%
NORMAN
38%
OCONNOR
38%
RAMOS
38%
ROCK
38%
STARK
38%
YANG
38%
ATKINS
36%
BECKER
36%
BRANDON
36%
CAMERON
36%
CASE
36%
CHRISTOPHER
36%
CUNNINGHAM
36%
DICK
36%
FARMER
36%
FLORES
36%
FLOYD
36%
GARDNER
36%
GARRETT
36%
HARDIN
36%
HERMAN
36%
HOFFMAN
36%
HOOVER
36%
JENNINGS
36%
KELLER
36%
KIRK
36%
KLEIN
36%
LAMB
36%
LLOYD
36%
MORALES
36%
NICHOLAS
36%
NORTH
36%
OBRIEN
36%
ORTIZ
36%
PAGE
36%
PRINCE
36%
SILVER
36%
VAUGHN
36%
WALSH
36%
WATERS
36%
WATTS
36%
AVERY
35%
BUCK
35%
CAREY
35%
GRIFFIN
35%
HARDING
35%
HARDY
35%
HOLT
35%
ISAAC
35%
LANE
35%
LYNN
35%
MACDONALD
35%
PATTERSON
35%
PAYNE
35%
POWERS
35%
PRESTON
35%
REYES
35%
ROBBINS
35%
SAWYER
35%
SHERMAN
35%
SWANSON
35%
WARNER
35%
ATKINSON
34%
BLAIR
34%
CHANDLER
34%
CHAVEZ
34%
CHENG
34%
CHURCH
34%
COHEN
34%
DAVIES
34%
EMERSON
34%
FLETCHER
34%
HALE
34%
HANSEN
34%
HAWKINS
34%
HIGGINS
34%
JIMENEZ
34%
MILTON
34%
NASH
34%
PERKINS
34%
QUEEN
34%
RAMSEY
34%
SANDERSON
34%
SHORT
34%
SMALL
34%
STEELE
34%
VELA
34%
WATKINS
34%
WEBB
34%
ZIMMERMAN
34%
ALLISON
33%
BLUE
33%
BURKE
33%
CASTRO
33%
CLAYTON
33%
DRAKE
33%
ELLIOTT
33%
EVERETT
33%
FOWLER
33%
FULLER
33%
GLENN
33%
GRACE
33%
GRIFFITH
33%
HOLLAND
33%
HOPKINS
33%
HOWELL
33%
JACOBSON
33%
NICHOLSON
33%
NORRIS
33%
ORTEGA
33%
PAULSON
33%
PRICE
33%
RICE
33%
RIVERA
33%
RUIZ
33%
SCHMIDT
33%
SUMMERS
33%
VASQUEZ
33%
VEGA
33%
WAGNER
33%
WEAVER
33%
ASHLEY
31%
CHAPMAN
31%
CUMMINGS
31%
DIXON
31%
DOYLE
31%
FISCHER
31%
HOUSTON
31%
KELLEY
31%
LAY
31%
LOCKE
31%
MENDEZ
31%
NOLAN
31%
OH
31%
RANDALL
31%
SAMPSON
31%
SAUNDERS
31%
SCHULTZ
31%
SNYDER
31%
TANNER
31%
TODD
31%
WELCH
31%
WINTERS
31%
WU
31%
YU
31%
BALDWIN
30%
BARNETT
30%
BASS
30%
BERNARD
30%
BISHOP
30%
BRIDGES
30%
CONNELL
30%
CURRY
30%
FERGUSON
30%
FRENCH
30%
GAY
30%
GIBBS
30%
GUTIERREZ
30%
HAYNES
30%
HOUSE
30%
MAYER
30%
MCKENZIE
30%
MEYERS
30%
MORTON
30%
MOSS
30%
PECK
30%
SINGH
30%
STUART
30%
TATE
30%
TRAVIS
30%
VELASQUEZ
30%
WHEELER
30%
ANGEL
29%
ARCHER
29%
BRUCE
29%
CASEY
29%
CORTEZ
29%
DILLON
29%
FORREST
29%
GATES
29%
HAND
29%
HARTMAN
29%
HILTON
29%
JUAREZ
29%
LIU
29%
LUNA
29%
MCGEE
29%
PARSONS
29%
PENN
29%
ROMERO
29%
SHARP
29%
TRENT
29%
WILKINS
29%
YATES
29%
ADDISON
28%
ANDERSEN
28%
BENTON
28%
BEST
28%
BIRD
28%
BOND
28%
BOWEN
28%
BOYD
28%
BURNETT
28%
CASTILLO
28%
COOKE
28%
DREW
28%
GALLAGHER
28%
HICKS
28%
KERR
28%
LEVIN
28%
LYNCH
28%
MCDANIEL
28%
MENDOZA
28%
MULLER
28%
NEAL
28%
NUNEZ
28%
REESE
28%
REEVES
28%
RIOS
28%
ROSA
28%
SANTIAGO
28%
SHELTON
28%
SUAREZ
28%
SWIFT
28%
VO
28%
WEBER
28%
WOLFE
28%
YORK
28%
ACOSTA
26%
AGUILAR
26%
BEAN
26%
BOWER
26%
BREWER
26%
CONNORS
26%
CROW
26%
DONOVAN
26%
DUKE
26%
FINN
26%
FLOWERS
26%
FRANKS
26%
HENDRICKS
26%
JEFFRIES
26%
KEY
26%
LAMBERT
26%
LESTER
26%
MALONE
26%
MANNING
26%
MCKINLEY
26%
MIRANDA
26%
MORENO
26%
ONEAL
26%
ROWE
26%
SIMONS
26%
TRAN
26%
VARGAS
26%
WADE
26%
WALTON
26%
WISE
26%
BERGER
25%
BOOKER
25%
BUCHANAN
25%
BYRD
25%
CHAMBERS
25%
CONNELLY
25%
ERICKSON
25%
FRY
25%
GARY
25%
GRAVES
25%
HANNA
25%
HEATH
25%
HERRERA
25%
HORTON
25%
KHAN
25%
LYON
25%
MARQUEZ
25%
MCGUIRE
25%
MOON
25%
SANTOS
25%
STRONG
25%
SUTTON
25%
VALDEZ
25%
VANCE
25%
VAZQUEZ
25%
WESLEY
25%
ABRAMS
24%
ADKINS
24%
BARBER
24%
BAXTER
24%
BOYLE
24%
CARROLL
24%
CASH
24%
FITZPATRICK
24%
GARRISON
24%
HERBERT
24%
HOGAN
24%
HULL
24%
LANGE
24%
LEVY
24%
MUELLER
24%
PEARSON
24%
PETERSEN
24%
POLK
24%
RANDOLPH
24%
ROJAS
24%
SELLERS
24%
SHANNON
24%
SHEPHERD
24%
SOLOMON
24%
SOTO
24%
STARR
24%
UNDERWOOD
24%
WEBSTER
24%
WINSTON
24%
ABEL
23%
BAUER
23%
BIGGS
23%
BOLTON
23%
BOWMAN
23%
BUCKLEY
23%
CAIN
23%
CANNON
23%
CHUNG
23%
CRANE
23%
CROSBY
23%
DALTON
23%
ELLISON
23%
FELIX
23%
GOLDBERG
23%
GOLDMAN
23%
HAMPTON
23%
HOPPER
23%
LIM
23%
LUKE
23%
LYONS
23%
MCCORMICK
23%
MCCOY
23%
ONEILL
23%
PRATT
23%
SHARPE
23%
TYSON
23%
WALLS
23%
WEISS
23%
WILKINSON
23%
WYATT
23%
ZHANG
23%
BENTLEY
21%
BRADFORD
21%
BROCK
21%
CALDWELL
21%
CHIN
21%
COBB
21%
DURAN
21%
ENGLISH
21%
FARRELL
21%
GOODE
21%
GROSS
21%
GUZMAN
21%
HARMON
21%
HOBBS
21%
HORN
21%
HUFF
21%
KEITH
21%
KNOWLES
21%
KNOX
21%
KRAMER
21%
LORD
21%
MAYO
21%
MORAN
21%
MULLINS
21%
POPE
21%
REILLY
21%
ROTH
21%
ROWLAND
21%
RUSH
21%
SALAZAR
21%
SANTANA
21%
SCHROEDER
21%
SNOW
21%
SWEENEY
21%
TOWNSEND
21%
WILLS
21%
AHMED
20%
BARRON
20%
BOWERS
20%
CARLTON
20%
CONRAD
20%
COSTA
20%
CROSS
20%
DICKSON
20%
DOMINGUEZ
20%
FLEMING
20%
FRAZIER
20%
GOLDEN
20%
GOODWIN
20%
GROVE
20%
GUERRERO
20%
HALEY
20%
HAMMOND
20%
LARSEN
20%
MAYS
20%
MCLEAN
20%
ODONNELL
20%
PHELPS
20%
PITTS
20%
PRESLEY
20%
RHODES
20%
RODRIGUES
20%
SIMS
20%
SUN
20%
TRACY
20%
WEBBER
20%
ALVARADO
19%
BEAL
19%
BRADSHAW
19%
BRIGGS
19%
BROWNE
19%
CABRERA
19%
CASSIDY
19%
CHERRY
19%
CLEVELAND
19%
CLINE
19%
CROWE
19%
DELACRUZ
19%
DELGADO
19%
ESPINOZA
19%
FRYE
19%
FUENTES
19%
GARNER
19%
GOMES
19%
HANNAH
19%
HENSON
19%
HINES
19%
HOLDEN
19%
HUMPHREY
19%
HUTCHINS
19%
JOYCE
19%
LANDERS
19%
LINDSEY
19%
MCINTOSH
19%
MCKAY
19%
MEAD
19%
MEDINA
19%
MELVIN
19%
NAVA
19%
OCONNELL
19%
RUDOLPH
19%
SALINAS
19%
SHEPARD
19%
SILVA
19%
SPEARS
19%
THORNTON
19%
VILLA
19%
WELSH
19%
AVILA
18%
BOOTH
18%
BRENNAN
18%
BRIGHT
18%
CHRISTENSEN
18%
CODY
18%
DAVISON
18%
DUDLEY
18%
ESTRADA
18%
FROST
18%
GABRIEL
18%
GRADY
18%
HAIL
18%
HESS
18%
HORNE
18%
HUBBARD
18%
JAMISON
18%
KEMP
18%
KEYS
18%
KLINE
18%
KYLE
18%
LESLIE
18%
LIVINGSTON
18%
MADDOX
18%
MCLAUGHLIN
18%
MCMAHON
18%
MOLINA
18%
MOSES
18%
MUNOZ
18%
PAYTON
18%
PERSON
18%
POOLE
18%
SAVAGE
18%
SHEA
18%
SHEPPARD
18%
SHIELDS
18%
SLOAN
18%
SONG
18%
STANFORD
18%
TATUM
18%
THORNE
18%
VANG
18%
WARE
18%
AGUILERA
16%
BEARD
16%
BENITEZ
16%
BROWNING
16%
CALHOUN
16%
CAMPOS
16%
CASTLE
16%
CLIFFORD
16%
CONTRERAS
16%
COPE
16%
EWING
16%
FERRIS
16%
FOLEY
16%
FOREMAN
16%
FRANCO
16%
GAINES
16%
GILES
16%
GOULD
16%
GREGG
16%
GRIMES
16%
HADLEY
16%
HAYS
16%
HODGE
16%
HOOD
16%
HOOPER
16%
HUANG
16%
HURLEY
16%
HUTCHINSON
16%
LANDRY
16%
LEVINE
16%
MARIN
16%
MASTERS
16%
MATHEWS
16%
MAYES
16%
MCCAIN
16%
MCCALL
16%
MCCONNELL
16%
MCFARLAND
16%
MCINTYRE
16%
MCNEIL
16%
MCQUEEN
16%
MOODY
16%
NAVARRO
16%
OHARA
16%
PAIGE
16%
PARRISH
16%
PATTON
16%
PENA
16%
RIGGS
16%
ROSALES
16%
ROSARIO
16%
SPARKS
16%
STERLING
16%
STERN
16%
VELAZQUEZ
16%
ALONSO
15%
BRAUN
15%
CHOI
15%
CHRISTIE
15%
CLEMENT
15%
CLIFTON
15%
COLLIER
15%
DECKER
15%
DENTON
15%
DICKINSON
15%
DUFFY
15%
DYE
15%
EATON
15%
FINLEY
15%
FRANCISCO
15%
GIBBONS
15%
GILMORE
15%
GORE
15%
HANCOCK
15%
HARRINGTON
15%
IRVIN
15%
LEACH
15%
LINDSAY
15%
MCBRIDE
15%
MCKEE
15%
MCPHERSON
15%
MEADOWS
15%
MIDDLETON
15%
NOBLE
15%
OSBORN
15%
POE
15%
REGAN
15%
ROBLES
15%
SCHMITT
15%
SEXTON
15%
TANG
15%
WOODWARD
15%
WYNN
15%
ACEVEDO
14%
AGUIRRE
14%
ANDRADE
14%
BLANCHARD
14%
BRANCH
14%
BRANDT
14%
BULLOCK
14%
BURGER
14%
BURGESS
14%
BYRNE
14%
CARVER
14%
COFFEY
14%
COURTNEY
14%
DALY
14%
DAUGHERTY
14%
DAVENPORT
14%
DICKENS
14%
DOUGHERTY
14%
DYER
14%
FAIR
14%
GLASS
14%
GODWIN
14%
GUY
14%
HASTINGS
14%
HAYDEN
14%
HEAD
14%
HENDRIX
14%
KIRBY
14%
LANCASTER
14%
LOPES
14%
MAJOR
14%
MCKINNEY
14%
MORROW
14%
MUHAMMAD
14%
OSBORNE
14%
PACE
14%
PACHECO
14%
PITTMAN
14%
POTTS
14%
RICHMOND
14%
ROLAND
14%
ROLLINS
14%
ROMANO
14%
ROSEN
14%
ROSSI
14%
SANDOVAL
14%
SHELDON
14%
SKINNER
14%
SOSA
14%
SPRINGER
14%
STOKES
14%
THORPE
14%
VAUGHAN
14%
WEEKS
14%
WHITAKER
14%
WIGGINS
14%
AMOS
13%
ARIAS
13%
AYALA
13%
BARLOW
13%
BATEMAN
13%
BILLINGS
13%
BLACKBURN
13%
BLACKWELL
13%
CALLAHAN
13%
CANO
13%
CORDOVA
13%
DALEY
13%
DELANEY
13%
DIAMOND
13%
DORSEY
13%
EDMONDS
13%
ESCOBAR
13%
FINCH
13%
FORBES
13%
GARLAND
13%
GOLDSTEIN
13%
GUNN
13%
HAINES
13%
HARDEN
13%
HERRING
13%
HEWITT
13%
HUBER
13%
HURT
13%
HYDE
13%
JARVIS
13%
KAUFMAN
13%
KAY
13%
LAYTON
13%
LEBLANC
13%
MACKEY
13%
MCNEAL
13%
MEJIA
13%
MELTON
13%
MINER
13%
MOHAMED
13%
MORSE
13%
NIELSEN
13%
NOEL
13%
ODOM
13%
PHAM
13%
ROSAS
13%
RUSSO
13%
SCHAEFER
13%
SIMMS
13%
SINGER
13%
STACY
13%
STANTON
13%
STEINER
13%
STREET
13%
STRICKLAND
13%
VALENCIA
13%
WALLER
13%
WHITMAN
13%
WILCOX
13%
ACKERMAN
11%
AYERS
11%
BARTLETT
11%
BENDER
11%
BOGGS
11%
BRAY
11%
BUTCHER
11%
CARNEY
11%
CERVANTES
11%
CHAMBERLAIN
11%
COCHRAN
11%
COLON
11%
CORTES
11%
DEMPSEY
11%
DODGE
11%
DONNELLY
11%
DOWNEY
11%
DOWNS
11%
FARLEY
11%
FAULKNER
11%
FELDMAN
11%
FERRELL
11%
FULTON
11%
GLOVER
11%
HAMMER
11%
HODGES
11%
HOLLIS
11%
HONG
11%
HORNER
11%
HUFFMAN
11%
HUTTON
11%
IRWIN
11%
KENDALL
11%
LAI
11%
LANGFORD
11%
LANGLEY
11%
MADDEN
11%
MALDONADO
11%
MANUEL
11%
MASSEY
11%
MCCARTY
11%
MCKENNA
11%
MCMILLAN
11%
MELENDEZ
11%
MERCER
11%
ORR
11%
OTT
11%
PEARCE
11%
REECE
11%
RICKS
11%
RIVAS
11%
RUTHERFORD
11%
SANDS
11%
SEYMOUR
11%
SINCLAIR
11%
SLATER
11%
SMART
11%
SOLIS
11%
STARKS
11%
STILES
11%
STORY
11%
THOMSON
11%
VALENTIN
11%
VALLE
11%
VU
11%
WHITNEY
11%
WILEY
11%
WILKES
11%
WINN
11%
BACON
10%
BALLARD
10%
BLANCO
10%
BONNER
10%
CARLISLE
10%
COTTON
10%
CROCKETT
10%
CROWLEY
10%
DELEON
10%
DICKERSON
10%
DODD
10%
DOHERTY
10%
DOLAN
10%
DURHAM
10%
ELIAS
10%
ENGEL
10%
ERVIN
10%
FIGUEROA
10%
FRASER
10%
GROVES
10%
HELLER
10%
HINTON
10%
HOLDER
10%
HOLLOWAY
10%
HURST
10%
INGRAM
10%
JEAN
10%
JUNG
10%
KIDD
10%
KIRKPATRICK
10%
KOCH
10%
LARA
10%
LARKIN
10%
LINK
10%
LOWERY
10%
MAYNARD
10%
MCCLAIN
10%
MEIER
10%
MONTES
10%
MULLEN
10%
NEWSOME
10%
NOVAK
10%
OLEARY
10%
PHAN
10%
POST
10%
PUGH
10%
ROBERSON
10%
SALAS
10%
SHAH
10%
SHERIDAN
10%
SINGLETON
10%
SUMNER
10%
SWEET
10%
TILLMAN
10%
VELEZ
10%
WALDEN
10%
WILDER
10%
WILKERSON
10%
WITT
10%
WOODARD
10%
ZHENG
10%
ZHOU
10%
ALONZO
9%
BEACH
9%
BETTS
9%
BLOOM
9%
BOWLES
9%
BRAGG
9%
CALDERON
9%
CARMICHAEL
9%
CARRILLO
9%
CLEMENTS
9%
COMBS
9%
CONWAY
9%
COPELAND
9%
CORBIN
9%
COYLE
9%
CULLEN
9%
DASILVA
9%
DODSON
9%
DUNLAP
9%
EMERY
9%
ERWIN
9%
FINK
9%
GENTRY
9%
GILLESPIE
9%
GILLIS
9%
GOSS
9%
GUERRA
9%
HAHN
9%
HENDRICKSON
9%
HICKMAN
9%
HUGGINS
9%
JACOBSEN
9%
KANG
9%
KERN
9%
KIRKLAND
9%
LACEY
9%
MCCANN
9%
MCCLURE
9%
MCCULLOUGH
9%
MCNEILL
9%
MCRAE
9%
MEADE
9%
MICHEL
9%
MINOR
9%
OCHOA
9%
PACK
9%
PADILLA
9%
PEOPLES
9%
PICKETT
9%
PIERRE
9%
PIKE
9%
PIPER
9%
PROCTOR
9%
ROE
9%
ROPER
9%
SCHULZ
9%
SERRANO
9%
SHAFFER
9%
SHAPIRO
9%
SHEFFIELD
9%
SHIN
9%
SUTHERLAND
9%
TEMPLE
9%
TOMLINSON
9%
TRUJILLO
9%
VALENTINE
9%
VILLANUEVA
9%
WHITEHEAD
9%
XU
9%
ZAPATA
9%
ZHU
9%
ALBRIGHT
8%
AMES
8%
BAIRD
8%
BEASLEY
8%
BLAND
8%
BUI
8%
BUTTS
8%
BYERS
8%
CARDENAS
8%
CARTWRIGHT
8%
COOLEY
8%
CORONA
8%
CORREA
8%
CREWS
8%
DAILEY
8%
DEJESUS
8%
DUARTE
8%
GALLO
8%
GAMBLE
8%
GARZA
8%
GRIMM
8%
GUEVARA
8%
GUTHRIE
8%
HATHAWAY
8%
HEALY
8%
HESTER
8%
HOYT
8%
JUSTICE
8%
KATZ
8%
KNAPP
8%
LEAL
8%
LIMA
8%
LOTT
8%
MALONEY
8%
MATHIS
8%
MAYFIELD
8%
MCKNIGHT
8%
MCNAMARA
8%
MERRITT
8%
OTTO
8%
PAINTER
8%
PEREIRA
8%
RITCHIE
8%
RITTER
8%
RUBIO
8%
SANFORD
8%
SHEEHAN
8%
SHIRLEY
8%
SIERRA
8%
STAFFORD
8%
STOUT
8%
SWENSON
8%
SYLVESTER
8%
THURMAN
8%
TIPTON
8%
TOMPKINS
8%
VENTURA
8%
VERA
8%
WERNER
8%
WOLFF
8%
AKERS
6%
BARNARD
6%
BARRERA
6%
BASSETT
6%
BOYER
6%
BREWSTER
6%
BRITT
6%
BRYSON
6%
BURKS
6%
CAMACHO
6%
CHANEY
6%
COMPTON
6%
COTE
6%
CRAFT
6%
CRAMER
6%
CROWDER
6%
CUMMINS
6%
DANG
6%
DARBY
6%
DEAL
6%
DELAROSA
6%
DOBBS
6%
DOBSON
6%
DONAHUE
6%
ELDER
6%
ENGLAND
6%
ESPINOSA
6%
ESPOSITO
6%
ESTES
6%
FERREIRA
6%
FREY
6%
FRIEDMAN
6%
GLEASON
6%
GOFF
6%
HANEY
6%
HEARD
6%
HELTON
6%
HUMPHRIES
6%
HYATT
6%
IBARRA
6%
KAISER
6%
KENDRICK
6%
KRUEGER
6%
LOWRY
6%
MAHONEY
6%
MCALLISTER
6%
MCDOWELL
6%
MCGRAW
6%
MCLEOD
6%
MERCADO
6%
MONTOYA
6%
MOONEY
6%
PENNINGTON
6%
PORTILLO
6%
PRITCHARD
6%
PRUITT
6%
REYNA
6%
RICHEY
6%
ROCHA
6%
SCHUMACHER
6%
SEARS
6%
SNIDER
6%
STAPLETON
6%
TRIPP
6%
VALENZUELA
6%
WASHBURN
6%
WILLARD
6%
WISEMAN
6%
ZAMORA
6%
ZIEGLER
6%
ADAIR
5%
ALFORD
5%
ALSTON
5%
ANAYA
5%
ARROYO
5%
BABCOCK
5%
BATTLE
5%
BEAVER
5%
BELTRAN
5%
BEYER
5%
BINGHAM
5%
BLANKENSHIP
5%
BOWLING
5%
BOYCE
5%
BRUNO
5%
BURRELL
5%
CANTU
5%
CHRISTIANSEN
5%
CONNOLLY
5%
DAHL
5%
DAVILA
5%
DILLARD
5%
DOAN
5%
DOTSON
5%
DOWNING
5%
DUVALL
5%
EGAN
5%
ENGLE
5%
GILLIAM
5%
GREER
5%
HARTLEY
5%
HATCH
5%
HATFIELD
5%
HAYWOOD
5%
HEBERT
5%
HENLEY
5%
JEWELL
5%
JUDD
5%
KEEN
5%
KENNEY
5%
KOEHLER
5%
KRAFT
5%
KRAUS
5%
LACY
5%
LAIRD
5%
LOVETT
5%
LUDWIG
5%
MACIAS
5%
MARINO
5%
MCCOLLUM
5%
MCCRACKEN
5%
MCGILL
5%
METCALF
5%
MILLIGAN
5%
MORIN
5%
MOSLEY
5%
MURILLO
5%
OGDEN
5%
PALMA
5%
PEDERSEN
5%
PERALTA
5%
PIERSON
5%
PINA
5%
POLLOCK
5%
PRYOR
5%
PUCKETT
5%
QUINTANA
5%
RAINES
5%
RANKIN
5%
RASMUSSEN
5%
REDMOND
5%
RIDDLE
5%
RIZZO
5%
ROACH
5%
ROOT
5%
ROSENBERG
5%
SALGADO
5%
SCHAFFER
5%
SEWELL
5%
STEWARD
5%
STINSON
5%
SYKES
5%
TERRELL
5%
THOMASON
5%
TIMMONS
5%
VALDES
5%
VICKERS
5%
WORKMAN
5%
BARRIOS
4%
BAUTISTA
4%
BEATTY
4%
BLOCK
4%
BONILLA
4%
BRANTLEY
4%
BRAVO
4%
BUCKNER
4%
BURCH
4%
BURKETT
4%
CANTRELL
4%
CHEUNG
4%
COLBERT
4%
CONLEY
4%
CORNELL
4%
COSTELLO
4%
COUCH
4%
COULTER
4%
DARLING
4%
DOOLEY
4%
DRAPER
4%
DRISCOLL
4%
DUGAN
4%
DUKES
4%
EDDY
4%
ENRIQUEZ
4%
ESPARZA
4%
FARRIS
4%
FLANAGAN
4%
FRITZ
4%
GALLEGOS
4%
GALLOWAY
4%
GALVAN
4%
GEE
4%
GIVENS
4%
GODFREY
4%
GORMAN
4%
GREENWOOD
4%
GRIGGS
4%
GUSTAFSON
4%
HACKETT
4%
HAGEN
4%
HANLEY
4%
HASSAN
4%
HATCHER
4%
HENSLEY
4%
HICKEY
4%
HIDALGO
4%
HIGHTOWER
4%
HINSON
4%
HOLCOMB
4%
HOLLIDAY
4%
HOLMAN
4%
HOUSER
4%
HUERTA
4%
HUTCHISON
4%
JOYNER
4%
KEYES
4%
KIMBALL
4%
KINNEY
4%
KRAUSE
4%
KURTZ
4%
LACKEY
4%
LEHMAN
4%
LILLY
4%
LOVELL
4%
LOZANO
4%
LUJAN
4%
LUND
4%
LUTZ
4%
MAHER
4%
MCCABE
4%
MCDONOUGH
4%
MCGRATH
4%
MCHUGH
4%
MEREDITH
4%
MERRILL
4%
MOYER
4%
MUNIZ
4%
NANCE
4%
NEWELL
4%
NOWAK
4%
ODELL
4%
OLIVA
4%
OLIVEIRA
4%
OROZCO
4%
OVERTON
4%
PETTIT
4%
PETTY
4%
PINTO
4%
POLLARD
4%
PURCELL
4%
PUTNAM
4%
QUICK
4%
RANGEL
4%
REEDER
4%
ROCHE
4%
RUBIN
4%
RUCKER
4%
SARGENT
4%
SHARMA
4%
SHOEMAKER
4%
SMILEY
4%
SNELL
4%
STAHL
4%
TREVINO
4%
TRUONG
4%
TUTTLE
4%
VOGEL
4%
WAITE
4%
WHALEN
4%
WINKLER
4%
YEAGER
4%
YODER
4%
ZAVALA
4%
ZHAO
4%
ALDRIDGE
3%
AMAYA
3%
AQUINO
3%
ARAGON
3%
AVALOS
3%
AVILES
3%
BAEZ
3%
BARAJAS
3%
BATISTA
3%
BERNAL
3%
BLACKMON
3%
BLANTON
3%
BLEVINS
3%
BOSWELL
3%
BULLARD
3%
BURGOS
3%
BURRIS
3%
CABRAL
3%
CAHILL
3%
CAO
3%
CASILLAS
3%
CASTANEDA
3%
CATES
3%
CHILDERS
3%
CHILDS
3%
CISNEROS
3%
COFFMAN
3%
CONKLIN
3%
CORBETT
3%
CORDERO
3%
COVINGTON
3%
COWAN
3%
CRENSHAW
3%
CROUCH
3%
CUEVAS
3%
DELATORRE
3%
DEVINE
3%
DEWITT
3%
DICKEY
3%
DOSS
3%
DUBOIS
3%
DWYER
3%
ERNST
3%
FITCH
3%
GALLARDO
3%
GASTON
3%
GOODRICH
3%
GUNTER
3%
HAAS
3%
HAGER
3%
HARRELL
3%
HAWLEY
3%
HILLIARD
3%
HOANG
3%
HURD
3%
HUYNH
3%
IVEY
3%
JIANG
3%
JORGENSEN
3%
KAUFFMAN
3%
KAUR
3%
KEENAN
3%
KESSLER
3%
KOWALSKI
3%
KUHN
3%
LANGSTON
3%
LANIER
3%
LEUNG
3%
LIANG
3%
LOCKHART
3%
LOCKWOOD
3%
MACHADO
3%
MANLEY
3%
MANSFIELD
3%
MARROQUIN
3%
MATA
3%
MATOS
3%
MCCAULEY
3%
MCDERMOTT
3%
MCFADDEN
3%
MCGINNIS
3%
MCGOWAN
3%
MCWILLIAMS
3%
MEZA
3%
MOBLEY
3%
MURDOCK
3%
NGO
3%
NIEVES
3%
OLIVARES
3%
OSORIO
3%
PALACIOS
3%
PAZ
3%
PHIPPS
3%
PINEDA
3%
PLUMMER
3%
POLANCO
3%
PONCE
3%
PRATER
3%
QUINTERO
3%
RATLIFF
3%
RHOADES
3%
RICHTER
3%
RICO
3%
ROMO
3%
ROUSE
3%
RUTLEDGE
3%
SADLER
3%
SCHAFER
3%
SCHMITZ
3%
SHAFER
3%
SHERWOOD
3%
SHIPLEY
3%
SORENSEN
3%
STOVER
3%
SWAIN
3%
SWARTZ
3%
TALLEY
3%
TAPIA
3%
THACKER
3%
TOBIN
3%
URBAN
3%
VALLEJO
3%
VIDAL
3%
VILLALOBOS
3%
VILLARREAL
3%
VILLEGAS
3%
VINSON
3%
VOSS
3%
WEIR
3%
WESTBROOK
3%
WHITLEY
3%
WORLEY
3%
XIONG
3%
YEE
3%
YOUNGBLOOD
3%
ZUNIGA
3%
ALFARO
1%
ARAUJO
1%
ARCE
1%
ARELLANO
1%
ARRINGTON
1%
BACA
1%
BARBOSA
1%
BEIL
1%
BELCHER
1%
BENOIT
1%
BERMUDEZ
1%
BETANCOURT
1%
BLEDSOE
1%
BLOUNT
1%
BOLDEN
1%
BOWDEN
1%
BRITO
1%
BUNCH
1%
CABALLERO
1%
CAPPS
1%
CARMONA
1%
CARRASCO
1%
CASTELLANOS
1%
CHACON
1%
CHAPPELL
1%
CHILDRESS
1%
CLEMONS
1%
COATES
1%
COLVIN
1%
CORNELIUS
1%
CROCKER
1%
CRUMP
1%
CURRAN
1%
DUNHAM
1%
ELDRIDGE
1%
ELKINS
1%
ESQUIVEL
1%
FONSECA
1%
FOUNTAIN
1%
FUNK
1%
GAGNON
1%
GALINDO
1%
GALVEZ
1%
GAMBOA
1%
GAMEZ
1%
GIFFORD
1%
GIPSON
1%
GUILLEN
1%
GUPTA
1%
HAGAN
1%
HANKINS
1%
HARGROVE
1%
HELMS
1%
HINKLE
1%
HINOJOSA
1%
HOLLEY
1%
HOSKINS
1%
JARAMILLO
1%
JARRETT
1%
KAPLAN
1%
KEARNEY
1%
KINCAID
1%
KOENIG
1%
KRUSE
1%
KUMAR
1%
LATHAM
1%
LOCKLEAR
1%
LUCERO
1%
LUGO
1%
MADRIGAL
1%
MAGANA
1%
MAGEE
1%
MCCLELLAN
1%
MCCRAY
1%
MCELROY
1%
MCMANUS
1%
MCMULLEN
1%
MEDRANO
1%
MEEKS
1%
MENA
1%
MESSER
1%
METZ
1%
MIMS
1%
MOSER
1%
NEELY
1%
OLIVAS
1%
ORELLANA
1%
PARRA
1%
PEACOCK
1%
POSEY
1%
PRITCHETT
1%
PULIDO
1%
QUINTANILLA
1%
RODRIQUEZ
1%
RUSHING
1%
SAAVEDRA
1%
SALCEDO
1%
SAPP
1%
SAUCEDO
1%
SEGURA
1%
SELF
1%
SHEETS
1%
SIEGEL
1%
SIZEMORE
1%
SMALLWOOD
1%
SOLANO
1%
SORIANO
1%
SOUZA
1%
SPICER
1%
STRATTON
1%
STROUD
1%
STUBBS
1%
TEAGUE
1%
TELLEZ
1%
TOLEDO
1%
TREJO
1%
URIBE
1%
VELASCO
1%
WADDELL
1%
WHITFIELD
1%
WOMACK
1%
WOODRUFF
1%
WOODY
1%
WOOTEN
1%
YANEZ
1%
ALARCON
0%
ALEMAN
0%
ALLRED
0%
AMADOR
0%
ARANDA
0%
AREVALO
0%
ARREDONDO
0%
ARREOLA
0%
ARRIAGA
0%
ARTEAGA
0%
BANUELOS
0%
BARNHART
0%
BARRAGAN
0%
BARRIENTOS
0%
BECERRA
0%
BENAVIDES
0%
BERGERON
0%
BOUCHER
0%
BRITTON
0%
BROUSSARD
0%
BUSTAMANTE
0%
CANALES
0%
CARBAJAL
0%
CARDONA
0%
CARRANZA
0%
CARUSO
0%
CASAS
0%
CAUDILL
0%
CHAVARRIA
0%
COKER
0%
CORONADO
0%
COVARRUBIAS
0%
CRABTREE
0%
CRONIN
0%
CUELLAR
0%
DELOSSANTOS
0%
DESAI
0%
DIEHL
0%
DIETZ
0%
DUNBAR
0%
DUONG
0%
ELMORE
0%
EPPS
0%
ESCALANTE
0%
ESCAMILLA
0%
ESCOBEDO
0%
EUBANKS
0%
FELICIANO
0%
FONTENOT
0%
GEIGER
0%
GODINEZ
0%
GOINS
0%
GRANADOS
0%
GREENBERG
0%
GUIDRY
0%
HEDRICK
0%
HERNDON
0%
HERRON
0%
HOLBROOK
0%
HOLLINGSWORTH
0%
HURTADO
0%
INMAN
0%
KILGORE
0%
KISER
0%
LANDIS
0%
LEDBETTER
0%
LEDESMA
0%
LEDFORD
0%
LEMUS
0%
LEYVA
0%
LINARES
0%
MADRID
0%
MARRERO
0%
MAURER
0%
MCCLENDON
0%
MCGHEE
0%
MEDEIROS
0%
METZGER
0%
MONDRAGON
0%
MONTALVO
0%
MONTANO
0%
NAJERA
0%
NAPIER
0%
NAVARRETE
0%
NEFF
0%
NEGRON
0%
NIETO
0%
NORWOOD
0%
OCAMPO
0%
OJEDA
0%
OLVERA
0%
ORDONEZ
0%
ORNELAS
0%
OTERO
0%
PADGETT
0%
PAGAN
0%
PAREDES
0%
PATINO
0%
PIMENTEL
0%
PRADO
0%
PRIETO
0%
QUEZADA
0%
QUINONES
0%
QUIROZ
0%
RAHMAN
0%
RAINEY
0%
RAMEY
0%
RENDON
0%
RENTERIA
0%
REYNOSO
0%
ROBISON
0%
ROSADO
0%
SAENZ
0%
SALDANA
0%
SEPULVEDA
0%
SERNA
0%
SLAUGHTER
0%
SOTELO
0%
SPANGLER
0%
SPAULDING
0%
SPIVEY
0%
SPRAGUE
0%
STALEY
0%
TACKETT
0%
THAO
0%
TIDWELL
0%
TOLBERT
0%
TONEY
0%
TOTH
0%
TOVAR
0%
TRIPLETT
0%
TROTTER
0%
VALADEZ
0%
VARELA
0%
VARNER
0%
VENEGAS
0%
VIGIL
0%
WAITERS
0%
WHALEY
0%
WILHELM
0%
YARBROUGH
0%
YBARRA
0%
YOST
0%
ZARAGOZA
0%
ZARATE
0%
ZEPEDA
0%
No matching quizzes found
Score Distribution
Percent of People with Each Score
Percentile by Number Answered
Your Score History
You have not taken this quiz